Gracia y el forastero
Gardado en:
| Autor Principal: | |
|---|---|
| Formato: | Libro |
| Idioma: | Lingua castelá |
| Publicado: |
Santiago
Zig Zag
1995
|
| Edición: | 35a. ed |
| Series: | Biblioteca Juvenil
|
| Subjects: | |
| Tags: |
Engadir etiqueta
Sen Etiquetas, Sexa o primeiro en etiquetar este rexistro!
|
MARC
| LEADER | 00000nam a2200000 a 4500 | ||
|---|---|---|---|
| 001 | UCH4041 | ||
| 003 | CL-VaPUC | ||
| 008 | 090818e19950000CL |||||||||||||||||spa|d | ||
| 082 | 0 | 4 | |a Ch863 |b BLA |2 21 |
| 100 | 0 | |a Blanco, Guillermo |e author |9 518527 | |
| 245 | 1 | 0 | |a Gracia y el forastero |
| 250 | |a 35a. ed | ||
| 300 | |a 159 p | ||
| 942 | |c BK | ||
| 945 | |d 20090818 00:00:00 |a lazolas | ||
| 260 | |a Santiago |b Zig Zag |c 1995 | ||
| 650 | 0 | |a Novelas chilenas |9 265425 | |
| 650 | 0 | |a Literatura chilena |9 308278 | |
| 583 | |a last modification |c 20090818 00:00:00 |k Rodrigo Vera | ||
| 490 | 0 | |a Biblioteca Juvenil | |
| 999 | |c 335395 |d 335393 | ||